| 000 | 00578nam a2200205 a 4500 | ||
|---|---|---|---|
| 005 | 20251016063933.0 | ||
| 008 | 050418s1985 000 eng d | ||
| 020 | _a9683801323 | ||
| 035 | _aUPN01000139060 | ||
| 049 | _aCG | ||
| 050 | 4 |
_aPN6495 M6 _bM4.2 |
|
| 100 | 1 |
_aMejía Prieto, Jorge _929283 |
|
| 245 | 1 | 0 |
_aAlbures y refranes de México / _cJorge Mejía Prieto. |
| 260 |
_aMéxico : _bPanorama, _c1985. |
||
| 300 | _a157 p. | ||
| 650 | 4 |
_aProverbios mexicanos _919802 |
|
| 650 | 4 |
_aEspañol _xModismos _91693 |
|
| 650 | 4 |
_aJUEGOS DE PALABRAS _912219 |
|
| 905 | _aLibro | ||
| 999 |
_c111208 _d111208 |
||